Chicken soup for the teenage soul III : (Record no. 276803)
[ view plain ]
| 000 -LEADER | |
|---|---|
| fixed length control field | 00800cam a22002174a 4500 |
| 003 - CONTROL NUMBER IDENTIFIER | |
| control field | OCoLC |
| 005 - DATE AND TIME OF LATEST TRANSACTION | |
| control field | 20141119100017.0 |
| 008 - FIXED-LENGTH DATA ELEMENTS--GENERAL INFORMATION | |
| fixed length control field | 991215s2000 flua j 000 0 eng |
| 010 ## - LIBRARY OF CONGRESS CONTROL NUMBER | |
| LC control number | 99087144 |
| 020 ## - INTERNATIONAL STANDARD BOOK NUMBER | |
| International Standard Book Number | 0439403758 |
| 050 00 - LIBRARY OF CONGRESS CALL NUMBER | |
| Classification number | BJ 1661 |
| Item number | .C44 2002 |
| 245 00 - TITLE STATEMENT | |
| Title | Chicken soup for the teenage soul III : |
| Remainder of title | more stories of life, love, and learning / |
| Statement of responsibility, etc | [compiled by] Jack Canfield, Mark Victor Hansen, Kimberly Kirberger. |
| 260 ## - PUBLICATION, DISTRIBUTION, ETC. (IMPRINT) | |
| Place of publication, distribution, etc | New York : |
| Name of publisher, distributor, etc | Scholastic, |
| Date of publication, distribution, etc | c2002. |
| 300 ## - PHYSICAL DESCRIPTION | |
| Extent | xix, 369 pages : |
| Other physical details | illustrations ; |
| Dimensions | 22 cm. |
| 500 ## - GENERAL NOTE | |
| General note | Originally published: Deerfield Beach, Fla. : Health Communications, c2000. |
| 650 #0 - SUBJECT ADDED ENTRY--TOPICAL TERM | |
| Topical term or geographic name as entry element | Teenagers |
| General subdivision | Conduct of life. |
| 700 1# - ADDED ENTRY--PERSONAL NAME | |
| Personal name | Canfield, Jack, |
| Dates associated with a name | 1944- |
| 700 1# - ADDED ENTRY--PERSONAL NAME | |
| Personal name | Hansen, Mark Victor. |
| 700 1# - ADDED ENTRY--PERSONAL NAME | |
| Personal name | Kirberger, Kimberly, |
| Dates associated with a name | 1953- |
| 942 ## - ADDED ENTRY ELEMENTS (KOHA) | |
| Source of classification or shelving scheme | Library of Congress Classification |
| Koha item type | Books |
| Withdrawn status | Lost status | Source of classification or shelving scheme | Damaged status | Home library | Current library | Shelving location | Date acquired | Source of acquisition | Sub Shelving location | Total Checkouts | Total Renewals | Full call number | Barcode | Date last seen | Date checked out | Price effective from | Koha item type |
|---|---|---|---|---|---|---|---|---|---|---|---|---|---|---|---|---|---|
| Library of Congress Classification | College Library | College Library | General Circulation Section | 11/19/2014 | Library Fund | 2 | 4 | BJ 1661 .C44 2002 | C18922 | 05/06/2019 | 04/01/2019 | 11/19/2014 | Books |